000 00369nam a2200133 4500
001 15926
010 _a9788555461767
090 _a15926
100 _a20240718 pory50
200 _aBrincando com Lucas Neto
_fdir. Jorge Carneiro
_gRogério Ventura
210 _a[S.L.]
_cLívia Barbosa
_d[S.D.]
215 _a61[3]p.
_ctodo il.
_d31 cm
801 _aPT
_bBMA
_gRPC
990 _cLIVROS